00954 2200325 4500001002100000005001500021035002000036007000300056040001700059100002500076245009200101250001200193300003400205504002400239020001600263041000800279082001200287084001800299090002300317264004500340336002100385337003000406338002300436650001200459700006200471850001000533008004100543990002200584990002200606INLIS00000000000635820260418061252 a0010-0322000602ta aSBPUPADbInd0 aVisimediaePengarang1 aMencegah Terjerumus Narkoba /cVisimedia;Editor, Libertus Jehani;Editor ke-2,Antoro dkk a.-Cet 1 aix,78 hal. :bIllus. ;c21 cm abibliografi, hlm 77 a979104342-60 aInd a364.177 a364.177 VIS m a364.177 VIS m 7-10 a.--Tangerang :bArgomedia Pustaka,c2006 2rdacontentaTeks 2rdamediaaTanpa Perantara 2rdacarrieravolume 4aNarkoba0 aEditor, Libertus Jehani;Editor ke-2,Antoro dkkePengarang aPUPAD260418 0  a9969/BR/KAPD/2009 a9970/BR/KAPD/2009